| 000 | 00695cam a22002052 4500 | ||
|---|---|---|---|
| 001 | 0000000785 | ||
| 005 | 20151217151757.0 | ||
| 008 | 070220s xx 000 0 eng d | ||
| 020 |
_a0802826792 : _cKES 3,600 |
||
| 040 |
_aKABU _cKABU |
||
| 050 | 0 |
_aBS1225.52 _b.B54 |
|
| 100 | 1 |
_aBlenkinsopp, Joseph. _@0000148919 |
|
| 245 | 1 | 0 |
_aTreasures old and new : _bessays in the theology of the Pentateuch / _cJoseph Blenkinsopp. |
| 260 |
_aGrand Rapids, Michigan : _bWilliam B. Eerdmans, _c2004. |
||
| 300 | _ax, 228 p. | ||
| 630 | 0 | 0 |
_aBible. _pO.T. _pPentateuch. _xCriticism, interpretation, etc. _@0000149133 |
| 908 | _a070220 | ||
| 950 | _@1 | ||
| 999 |
_c4911 _d4911 |
||